Ganadores de La Liga en el siglo XXI - Estadísticas

Estadísticas generales
  • Esta prueba ha sido intentada 4.732 veces
    4.471 desde el último reinicio
  • La puntuación promedio es 15 de 26
Estadísticas de respuestas
Año Campeón Puntos Subcampeón % Correcto
2025 FC Barcelona 88 Real Madrid
100%
2024 Real Madrid 95 FC Barcelona
98%
2023 FC Barcelona 88 Real Madrid
96%
2022 Real Madrid 86 FC Barcelona
94%
2021 Atlético de Madrid 86 Real Madrid
88%
2020 Real Madrid 87 FC Barcelona
87%
2019 FC Barcelona 87 Atlético de Madrid
81%
2018 FC Barcelona 93 Atlético de Madrid
73%
2017 Real Madrid 93 FC Barcelona
73%
2016 FC Barcelona 91 Real Madrid
71%
2015 FC Barcelona 94 Real Madrid
70%
2013 FC Barcelona 100 Real Madrid
58%
2014 Atlético de Madrid 90 FC Barcelona
57%
2011 FC Barcelona 96 Real Madrid
56%
2010 FC Barcelona 99 Real Madrid
56%
2009 FC Barcelona 87 Real Madrid
56%
2012 Real Madrid 100 FC Barcelona
56%
2007 Real Madrid 76 FC Barcelona
45%
2006 FC Barcelona 82 Real Madrid
44%
2005 FC Barcelona 84 Real Madrid
43%
2008 Real Madrid 85 Villarreal
43%
2004 Valencia CF 77 FC Barcelona
23%
2003 Real Madrid 78 Real Sociedad
17%
2000 Deportivo de La Coruña 69 FC Barcelona
16%
2001 Real Madrid 80 Deportivo de La Coruña
11%
2002 Valencia CF 75 Deportivo de La Coruña
11%
No se encontraron pruebas coincidentes
Distribución de puntuación
Porcentaje de gente con cada puntuación
Porcentaje por número respondido
Historial de tus puntuaciones
No has intentado esta prueba desde el último reinicio